LEADER 00931nam a2200241 i 4500 001 000000185741 003 CaOOAMICUS 005 20160113000000.0 008 160113s1963 it u000 u ita u 013 $a163775 040 $aSeMil$bita 100 1 $aPrudence, Claude.$0(OLS)http://semarc/name/68266 240 10$aAmour humain.$0(OLS)http://semarc/title/266998 245 12$aL'amore coniugale /$cClaude Prudence. 260 $aMilano :$bIstituto «La Casa»,$c1963. 300 $a206 p. ;$c21 cm. 650 4$aMatrimonio - Spiritualitą.$0(OLS)http://semarc/subject/9212 650 4$aAmore coniugale.$0(OLS)http://semarc/subject/35073 850 $aSeMil 852 $aSeMil$W1$xVenegono$y1$m2E III 324$j254633$B136432$CSeMilBibl$Z2$F147962 $81 961 $aOmaggio: Altro 996 $6245$aL'amore coniugale$9(OLS)http://semarc/title/45630 996 $6260$aMilano :$bIstituto «La Casa»$9(OLS)http://semarc/publisher/31690 LEADER 01269nam a2200229 i 4500 001 000000194425 003 CaOOAMICUS 005 20101115000000.0 008 101115s1973 it u000 u ita u 013 $a173077 040 $aSeMil$bita 100 1 $aBordin, Giovanni.$0(OLS)http://semarc/name/70638 245 13$aUn Vescovo per i suoi Preti :$bl'attivitą pastorale di Andrea Giacinto Longhin Vescovo di Treviso (1904-1936) per la via spirituale del clero diocesano /$cGiovanni Bordin ; Presentazione del Prof. Filippo Caraffa della Pontificia Universitą Lateranense. 260 $aTreviso :$bTip. Editrice Trevigiana,$c1973. 300 $aXVIII, 250 p., [34] p. di tav. ;$c25 cm. 500 $aContiene : Bibliografia. 650 4$aLonghin, Andrea Giacinto .$0(OLS)http://semarc/subject/36512 700 1 $aCaraffa, Filippo.$0(OLS)http://semarc/name/28604 850 $aSeMil 852 $aSeMil$W1$xVenegono$y1$m3J V 130$j144999$B144999$CSeMilBibl$Z2$F156455 $81 996 $6245$aUn Vescovo per i suoi Preti :$bl'attivitą pastorale di Andrea Giacinto Longhin Vescovo di Treviso (1904-1936) per la via spirituale del clero diocesano$9(OLS)http://semarc/title/280332 996 $6260$aTreviso :$bTip. Editrice Trevigiana$9(OLS)http://semarc/publisher/36784